000
00319nam a2200121Ia 4500
008
230411s9999 xx 000 0 und d
041
_a
eng
082
_a
AN/610.7/INA/B05207
100
_a
Inamdar Madhuri
245
_a
Aarogya Shikshan : Sarwanchi Mulabhut Garaj
260
_a
Mumbai
_c
1994
999
_c
155730
_d
155730